Oracle9i Database Administrator2 (Record no. 25844)

MARC details
000 -LEADER
fixed length control field 00304nam a22001337a 4500
003 - CONTROL NUMBER IDENTIFIER
control field OSt
005 - DATE AND TIME OF LATEST TRANSACTION
control field 20220103155358.0
008 - FIXED-LENGTH DATA ELEMENTS--GENERAL INFORMATION
fixed length control field 220103b |||||||| |||| 00| 0 eng d
040 ## - CATALOGING SOURCE
Transcribing agency HU
082 ## - DEWEY DECIMAL CLASSIFICATION NUMBER
Classification number 005.86
100 ## - MAIN ENTRY--PERSONAL NAME
Personal name Morris
9 (RLIN) 26937
245 ## - TITLE STATEMENT
Title Oracle9i Database Administrator2
942 ## - ADDED ENTRY ELEMENTS (KOHA)
Source of classification or shelving scheme Dewey Decimal Classification
Koha item type Books like text book referance book
Suppress in OPAC No
Holdings
Withdrawn status Lost status Source of classification or shelving scheme Damaged status Not for loan Home library Current library Shelving location Date acquired Total Checkouts Full call number Barcode Date last seen Price effective from Koha item type
    Dewey Decimal Classification     IoT Library IoT Library General Stacks 01/03/2022   005.86MOR 2004 IOTL000389 01/03/2022 01/03/2022 Books like text book referance book
    Dewey Decimal Classification     IoT Library IoT Library General Stacks 01/03/2022   005.86MOR 2004 IOTL000390 01/03/2022 01/03/2022 Books like text book referance book
    Dewey Decimal Classification     IoT Library IoT Library General Stacks 01/03/2022   005.86MOR 2004 IOTL000391 01/03/2022 01/03/2022 Books like text book referance book